00431nam a2200157Ia 45000010006000000050017000060080041000230410008000640820021000721000049000932450072001422600009002143000034002236500008002576540008002652235620260414150826.0260414t2005||||xx |||||||||||||| ||spa|| aESP a621.38bA17 2005 aAcademia de Networking de Cisco SystemseAUT 0aFundamentos de seguridad de redes :bespecialista en Firewall Cisco c2005 axxix, 804 páginas :c24 cm. aTCA aCET